[Event "Carnaval"]
[Site "Quebec CAN"]
[Date "2025.02.21"]
[Round "4"]
[White "Adam, Rafael"]
[Black "Sai, Krishna GV"]
[Result "0-1"]
[Annotator "John Upper"]
[WhiteElo "2318"]
[BlackElo "2456"]
[WhiteFideId "-1"]
[BlackFideId "-1"]
[PlyCount "62"]
[Beauty "8251705982503"]
[GameId "2150748453254068"]
[EventDate "2025.02.21"]
[EventType "swiss"]
[EventRounds "5"]
[EventCountry "CAN"]
[SourceTitle "Chess Canada 25"]
[Source "JohnUpper?CFC"]
[SourceDate "2025.06.29"]
[SourceVersion "1"]
[SourceVersionDate "2026.07.01"]
[SourceQuality "1"]

{The Tournoi du Carnaval 2025 ended in a 4-way tie at 4/5 between Neil Moses, IM Olivier Kenta Chiku-Ratte and the two players in this game, the only decisive encounter between the top four.} 1. d4 Nf6 2. Bf4 g6 3. Nc3 d5 4. e3 Bg7 {[#]} 5. Nb5 (5. Nf3 O-O 6. Nb5 Na6 7. Be2 Nh5 8. Be5 f6 9. Bg3 c6 10. Na3 Nxg3 11. hxg3 e5 12. c4 e4 13. Nd2 Nc7 14. Qb3 f5 $15 {1/2 So,W (2752)-Firouzja,A (2777) Saint Louis Blitz 2023 (4) White is playing a sort of reversed French, but with no pressure on the d5 pawn.}) (5. h4 $5 {Is the "Jobava-Prie"/Barry attack, and is played by GM Bortnyk a lot. It is 6x more often played than the game move, but it doesn't score particularly well at the top level anymore, even for Carlsen:} h5 6. Nf3 O-O $11 {Sample Games [#]} 7. Be2 (7. Ne5 c5 8. Qd2 Bf5 9. f3 cxd4 10. exd4 Nc6 11. Bb5 Nxe5 12. dxe5 Nd7 $11 13. Bxd7 Qxd7 14. O-O-O Rac8 15. Qxd5 Rxc3 $1 16. Qxd7 Rxc2+ 17. Kb1 Rxg2+ 18. Qxf5 gxf5 19. Rd7 Rc8 $11 {0-1 Carlsen,M (2837)-Wei,Y (2758) Norway Chess Armageddon 13th Stavanger rapid 2025 (3)}) 7... c5 8. dxc5 Qa5 9. Nd2 Qxc5 10. Nb3 Qb6 11. a4 Nc6 12. O-O Qd8 13. a5 a6 14. Bf3 Bf5 15. Nd4 Nxd4 16. exd4 Rc8 $15 {0-1 Carlsen,M (2833)-Sindarov,J (2707) Titled Tuesday intern op 04th Mar Late Chess.com INT blitz 2025 (6) Black's half-open c-file is more useful than White's half-open e-file.}) 5... Na6 6. Nc3 $5 {SF18's top move! But only 0.00, of course.} (6. h3 {saves the DSB.}) (6. h4) (6. Be2) 6... Nh5 {The principled move.} (6... Nb8 7. Nb5 Na6 8. Nc3 Nb8 {is another modern "GM draw"; e.g. Bortnyk - Sindarov, World Blitz Doha, 2025.}) 7. Be5 f6 8. Bg3 c6 9. Bxa6 bxa6 10. Nf3 e5 {[#]} 11. dxe5 Nxg3 12. hxg3 (12. exf6 {is tempting, but after} Nxh1 13. fxg7 Rg8 14. Qd4 $1 {probably not enough.}) 12... fxe5 {[#]} 13. e4 $1 {Stopping ...e4, which would give Black easy play, and initiating a tense game of chicken in the center, seeing who will crack first. The next few notes show some of what the players had to consider if the center shifts or breaks up} O-O (13... d4 $5 14. Na4 c5 15. c3 (15. Nxc5 $4 Qa5+ $19) 15... Qa5 $2 (15... c4 $1 16. b3 $13) 16. Qb3 $1 Bd7 $140 17. Qd5 $8 $18 Rc8 18. Nxe5 $18) 14. Qd3 (14. exd5 $4 e4 15. Nd4 (15. Nh4 Qb6 $19 {Xf2, Xb2, Xe1.}) (15. Nxe4 Re8 $19) 15... Qf6 $19 {Xf2 and Xd4.}) 14... Rb8 15. b3 g5 $5 {[#]} 16. Rd1 (16. exd5 $5 {Attacking h7 too!} e4 (16... Bf5 17. Qc4 $8 e4 18. Nd4 Qa5 $13 (18... Bg6 $13)) 17. Nxe4 $8 cxd5 18. O-O-O $8 Bf5 19. Nfxg5 $8 $13) (16. O-O-O g4 17. exd5 $1 gxf3 18. Qxh7+ Kf7 19. Qh5+ Kg8 $8 {White has a draw in hand, or can play for more with} 20. gxf3) 16... g4 17. Nd2 (17. Nh4 $14 {SF18}) 17... Rb4 $5 {[#]Black keeps piling pressure on the center; leaving White with choices between variations which are objectively about equal, but are strategically very different. FWIW, I would lose on time somewhere around here. :)} 18. Ne2 {White keeps his s ready to jump into any hole in the center, but none appear.} (18. exd5 e4 19. Ndxe4 (19. Ncxe4 cxd5 20. Nc3 $13) 19... Bf5 20. f3 $8 $13) (18. a3 Rd4 19. Qe2 $13) 18... Qf6 19. O-O Qg6 {[#]} 20. c4 $2 (20. Qc3 $142 $1 $13) ({A reasonable bail-out is} 20. exd5 $5 Qxd3 21. cxd3 cxd5 22. d4 $1 exd4 23. Nf4 $15 {the s should be worth something, even if d5 falls.}) 20... d4 $1 {If Black could play ....c5 White would be suffocated.} 21. f4 {Trying to break out immediately, obviously very risky with his  on the g-file.} (21. c5 {stops ...c5 (and frees c4) without triggering immediate chaos.}) 21... gxf3 22. gxf3 {[#]} Bh3 (22... Bh6 $1 23. f4 Bxf4 $1 $19) 23. Rf2 Bh6 24. Rh2 Be3+ 25. Kh1 Bc8 $5 {Or ...e6, both leaving the 7th rank clear so Black can bring the b4 across.} 26. Kg2 $2 (26. c5 $1 {so c4 can fork e3 and e5.}) 26... Rb7 $1 $19 {Brings back the only piece that isn't attacking the kingside...  ...and sets a trap! [#] Critical Position What happens on g1 or after f1?} 27. Ng1 (27. Nf1 Rbf7 $1 28. Nxe3 (28. Ng1 Bxg1 $19) 28... Rxf3 $8 $19) 27... Qxg3+ $3 {That must have been fun to play!} 28. Kh1 (28. Kxg3 Rg7+ 29. Kh4 Rf4+ 30. Kh5 $19 {gets mated after ...d7/e6 and check.} Be6 $19) 28... Rg7 29. Qf1 (29. Ne2 {allows another  "sac":} Qxh2+ $1 30. Kxh2 Rf6 $19) 29... Qxh2+ $1 30. Kxh2 Rf6 31. Nh3 Rh6 0-1

[Event "Hart House Holidays Open"]
[Site "Toronto"]
[Date "2025.12.21"]
[Round "1.4"]
[White "Malakar, Saarthak"]
[Black "Plotkin, Mark"]
[Result "0-1"]
[Annotator "John Upper"]
[WhiteElo "2268"]
[BlackElo "2490"]
[WhiteFideId "-1"]
[BlackFideId "-1"]
[PlyCount "74"]
[Beauty "7903813630498"]
[GameId "2257408575696896"]
[EventDate "2025.??.??"]
[EventType "swiss"]
[EventCountry "CAN"]
[SourceTitle "Chess Canada 25"]
[Source "JohnUpper?CFC"]
[SourceDate "2025.06.29"]
[SourceVersion "1"]
[SourceVersionDate "2026.07.01"]
[SourceQuality "1"]

1. d4 g6 2. Nf3 Bg7 3. g3 Nf6 4. Bg2 O-O 5. O-O d6 6. Re1 {[#] An anti-King's Indian played by technicians like Ulf Anderson and Vladislav Artimiev. White usually plays e4 then a4-a5, waiting to see what Black does before committing the center pawns. It's not particularly aggressive, but that can be a problem for KID players, who want something to punch. In the game, Black tempts White's pawns forward, and the game turns into something with the familiar KID opposite side pawn storms.} Nc6 $5 7. e4 (7. d5 $5 Na5 (7... Nb4 8. e4 e5 9. Bd2 Na6 (9... a5 $6 10. a3 Na6 11. b4 $14 {Xa6.}) 10. c4 Nc5 11. Nc3 a5 {1/2 Stahlberg,G-Bronstein,D Hoogovens Beverwijk 1963 (7)}) 8. e4 c6 9. Nc3 Bg4 10. Qd3 Nd7 11. Nd2 (11. b4 $2 {does not win the :} cxd5 $1 $17 12. exd5 (12. bxa5 dxe4 13. Rxe4 Nc5 $19) 12... Bxf3 ({or} 12... Bf5) ({or} 12... Rc8) 13. Bxf3 (13. Qxf3 Rc8 $1) 13... Rc8 14. Bd2 Nc4 $19) 11... Ne5 12. Qf1 b5 $5 13. h3 Bd7 14. dxc6 Naxc6 15. Nxb5 Nb4 16. Na3 f5 $6 17. f4 fxe4 18. Rxe4 Qb6+ 19. Kh2 Rac8 $13 {0-1 Svane,R (2609)-Erigaisi,A (2775) Titled Tuesday intern op 24th Feb Chess.com INT blitz 2026 (7)}) 7... e5 8. d5 Ne7 9. c4 h6 10. Nc3 Nh7 11. a3 f5 {[#]The game has turned into a king of King's Indian, but g3/g2 and d4-d5 are unusual: after g2 White usually doesn't push the d4-pawn, leaving the center flexible and keeping a space advantage while Black hops his s around the dark squares looking for tricks.  Here, the center is closed and Black gets the KID-player's favourite kingside pawn storm, but the hook on g3 creates extra tactics on the f-file (Xf3, Xf2) which don't happen in a mainline Mar del Plata KID, where White has f3 and e2 and Black aims for the the pawn break with ...g5-g4-g3.  The result is that if White plays the standard MdP queenside pawnstorm -- aiming to create a weakness on the queenside dark squares (d6, c7,b6) -- Black's attack hits sooner than in the MdP.  Even so, both sides have to play very precisely, or that extra tempo won't be enough.} 12. b4 {White doesn't have to prepare c5 -- the x-ray pressure on e5 is enough.} ({This was White's last chance to turn the game into an open-center conflict.} 12. c5 $5 f4 (12... dxc5 $6 13. exf5 {and xe5 is a very good trade for White -- Black's king will feel the draft.}) 13. gxf4 $1 {this opens the long diagonal, but it gives White some central play before Black gets the chance to go ...g5, with the choice to attack the kingisde with ...g4 or taking gxf4 and a piece attack.} exf4 {now ...g4 or ...g5, eliminating the  would secure a long-term plus, as the white minors would get stuck on the wrong side of the e4 pawn.} 14. e5 $1 $132 Bg4 $8 $13 {Hard to evaluate, but the open center means Black won't have a free hand on the kingside.}) 12... f4 13. c5 (13. gxf4 exf4 14. Bb2 Bg4 $13 (14... g5 15. e5 $1 $13) 15. Na4 Rf7 $13) 13... g5 14. Nd2 g4 15. Nc4 $15 {[#]} Ng6 (15... f3 $2 16. Bf1 {and all the play is on the queenside, where White has a KID-killing space advantage.}) 16. a4 Ng5 17. cxd6 cxd6 18. Nb5 Rf6 19. Bd2 h5 20. Rc1 a6 21. Nba3 h4 22. Rc3 {The -lift is another standard MdP KID way to defend the kingside. Unfortunately for White, both f3 and f2 need defending, and doing that with f1 would give Black the extra option to bury the g2 with ...f3 or ...h3. [#] The computers agree Black is winning, but opt for different lines.} (22. a5 Bh6 23. Nb6 $6 (23. Rc2 $5) 23... hxg3 $8 24. fxg3 (24. Nxa8 gxf2+ $1 $19) 24... Nf3+ $8 25. Bxf3 gxf3 26. Kf2 $1 (26. Nxa8 $2 fxg3 $19) 26... Rb8 $8 $17) 22... Bh6 ({leela's top choice is the improving:} 22... Bd7 $1 {with the positional threat of ...b5, wrecking White's queenside play.} 23. a5 {stops ...b5, but} Rc8 {allows Black to trade the inert a8 for the attacking/defending c3; for example:} 24. Nb6 $2 Rxc3 25. Bxc3 Nf3+ 26. Bxf3 gxf3 27. g4 $8 (27. Qxf3 fxg3 $19) 27... Bxg4 {the queenside trades leave White with a much worse version of the game, with no queenside play,}) ({Stockfish's top choice is the all-tactics plunge:} 22... Nf3+ $1 {White won't survive long with the f3, but taking it creates a winning discovered attack with ...fxg3.} 23. Bxf3 (23. Rxf3 gxf3 24. Bxf3 hxg3 25. fxg3 b5 $1 {a decoy and line-opeing sac: either gains time by attacking a loose b5, or adds the a8 to the kingside attack from a2.} 26. axb5 axb5 27. Nxb5 fxg3 (27... Ra2 $5) 28. hxg3 Qd7 $19 29. Nbxd6 Qh3 $8 $19) 23... gxf3 24. g4 $1 (24. Qxf3 fxg3 $19 {and gxf2+.}) (24. Rxf3 Bg4 25. Qb3 {doesn't help} (25. gxf4 Nxf4 26. Qb3 Ne2+ $19 {and ...xf3.}) 25... Bxf3 26. Qxf3 fxg3 $19) (24. gxf4 Nxf4 25. Qxf3 Rg6+ 26. Kh1 Bg4 27. Qe3 Qg5 $19) 24... Bxg4 25. h3 $5 Bh5 {and Black goes back to a methodical kingside build up: ...h8-f7, ...g6, and something gets to g5.} (25... Bxh3 {should win too, but after} 26. Qxf3 Bd7 27. Kh2 {there's no mate for White.})) 23. a5 $1 {[#]White to play, b6 would be just in time...} Nf3+ $2 (23... hxg3 $8 24. hxg3 (24. fxg3 f3 {and ...f2+.}) 24... Rf7 $1 {clearing a path for the .} (24... f3 $2 25. Nb6 fxg2 26. Bxg5 $1 Bxg5 $13) 25. Nb6 Nf3+ 26. Bxf3 gxf3 {Analysis Diagram [#]} 27. Nxa8 (27. g4 Bxg4 $19 ({even} 27... Qh4 $19 {wins.})) (27. Qxf3 fxg3 28. Qxg3 Bxd2 29. Qxg6+ Rg7 $19) 27... Bg4 $1 {White has no good defence to Black's  invasion; here's one extravagant example:} 28. Rc7 (28. Nb6 fxg3 29. Bxh6 Qh4 $19 {#5}) 28... Qg5 {no thanks!} 29. Rxf7 Qh5 {you can keep it.} 30. Rf6 Qh3 {have another} 31. Rxg6+ Kf7 {I'll even let you take a , your choice!}) 24. Bxf3 gxf3 25. g4 $3 {[#] Black's f3-pawn is a thorn, but (as shown above) taking it loses. Giving the g-pawn like this keeps both the f- and h-files closed, narrowing Black's attacking corridor to the g-file.} Bxg4 26. h3 $5 Bh5 $1 27. Nb6 Nf8 $5 {[#]This next sequence is critical and precise from both players.} 28. Kh2 $8 (28. Nxa8 $2 Rg6+ 29. Kh1 Qg5 {simplest} (29... Qd7 $19) 30. Rg1 Qg2+ $19 {trades the a8 for the e1, but gains a passer on g2.}) 28... Rg6 29. Rg1 $8 (29. Nxa8 $2 Rg2+ 30. Kh1 Qd7 31. Rxf3 Rxf2 $1 $19) 29... Rb8 $8 (29... Rg3 $2 30. Nxa8 $18 {and f1 will hold h3/g2.}) 30. Rxg6+ $8 {Black was threatening ...g3, when taking causes a suicidal pawn avalanche, while not taking gives Black time to bring up the cavalry (...h7-g5).} Nxg6 31. b5 $1 Qg5 {[#]Critical Position} 32. Qg1 $2 {White's first real mistake of the game, but it's a KID and if Black lands just one punch it's a KO.} (32. Qh1 $2 Qg3+ 33. fxg3 fxg3+ 34. Kg1 f2+ $8 35. Kf1 Bxd2 {Is it over yet?} 36. Nd7 $5 {NO: one more trick!} Bd1 $3 (36... Kg7 $1) (36... Kf7 $4 37. Rf3+ $18) 37. Rd3 $5 {one more trick?} Rc8 $8 $19) (32. Qf1 $8 $13 Qg3+ $2 {Just to show this doesn't work here.} ({Instead, Black has to change gears and redeploy the minors (...h8-f7) and target e4.} 32... Nh8 $13) 33. Kh1 $8 Qg2+ 34. Qxg2 fxg2+ 35. Kg1 {the pin to the h6 means g2-pawn can't be supported, and White will have time for f3 and xg2, leaving White in charge in a terrible KID ending for Black.} ({not falling for} 35. Kxg2 $4 f3+ $19)) 32... Qg3+ $3 $19 {only move for the KO} 33. fxg3 (33. Kh1 Qxh3+ 34. Qh2 Qg2+ $1 35. Qxg2 fxg2+ 36. Kg1 (36. Kxg2 $2 f3+ $19) 36... Be2 $1 $19 {with too many extra bits.}) 33... fxg3+ $8 ({Here's a crazy line: the "artistic"} 33... hxg3+ $2 34. Kh1 f2 {Analysis Diagram  [#] Black is down a  for only , but threatens the  and if the  moves then h4 wins. This would be a really beautiful win.. but there is one ludicrous but saving move:} 35. Nd7 $3 $11 {Xb8, Xf6, gives the  back for two pawns!}) 34. Kh1 Bxd2 35. Qa1 Bxc3 36. Qxc3 f2 37. Qd3 Nf4 {[#]Coordination worth a diagram.} 0-1

[Event "New Year op"]
[Site "Richmond CAN"]
[Date "2025.01.02"]
[Round "1.6"]
[White "Chen, Yidong"]
[Black "Sanderson, Tyler"]
[Result "1-0"]
[Annotator "John Upper"]
[WhiteElo "2226"]
[BlackElo "1700"]
[WhiteFideId "-1"]
[BlackFideId "-1"]
[PlyCount "55"]
[Beauty "8246895090716"]
[GameId "2140093881563650"]
[EventDate "2025.01.02"]
[EventType "swiss"]
[EventRounds "9"]
[EventCountry "CAN"]
[SourceTitle "Chess Canada 25"]
[Source "JohnUpper?CFC"]
[SourceDate "2025.06.29"]
[SourceVersion "1"]
[SourceVersionDate "2026.07.01"]
[SourceQuality "1"]

1. e4 c6 2. Nf3 d5 3. Nc3 dxe4 4. Nxe4 Nf6 5. Qe2 Nxe4 6. Qxe4 {[#]} Nd7 {Black has other ways to hit the e4, but all score the usual 54% for White:} (6... Qa5 {and either ...f5 or ...f5.}) (6... Qd5 7. Qe3 Bf5 ({or} 7... Qe6)) 7. Bc4 Nf6 8. Ne5 e6 (8... Nxe4 $4 {Oh no... the Queen...} 9. Bxf7#) 9. Qe2 b5 {This has been the main move since Schandorff's 2021 Quality Chess book "Playing the Caro Kann".  [#] Critical Position What happens if xc6?} 10. Bb3 (10. Nxc6 $2 Qc7 $1 {Are the  and  both hanging?} 11. Bd3 $8 {Not both hanging, since the  is defended by the threat of xb5, pinning any c6.} (11. Bxb5 $2 a6 $8 {pushing the  to an undefended square, a very common idea in these b5-sac patterns.} 12. Ba4 Bd7 $8 13. Qc4 Nd5 $1 $19 {and ...b6.} (13... Rc8 $143 14. Qxa6 $15 {White will have three pawns for the .})) 11... a6 $1 {covering b5 threatens the .} (11... Qxc6 $4 12. Bxb5 $18) 12. Ne5 Bd6 $15 {White has won a pawn, but Black's development is much better.}) (10. Bd3 {is an equally popular continuation as the game move.  The following game might not be the most theoretically relevant, but it has some very unusual and amusing piece play.} Qc7 11. a4 Bd6 12. Nxc6 b4 13. Nd4 a6 14. Nf5 {still 100+ games in the Megabase from here...} Be5 (14... Bb7 $5) 15. Nxg7+ Kf8 16. Nh5 Nxh5 17. Qxh5 Bb7 18. Qh4 (18. O-O Rg8 19. f3 $8 $13) 18... Bxg2 $6 19. Rg1 Rg8 20. Bxh7 Bxh2 21. d4 (21. d3 $1 {blocking ...xc2-e4.}) 21... Bxg1 22. Bh6+ {Analysis Diagram [#] A weird position, but conceivably something todays players could reach in their opening prep.} Ke8 23. Bxg8 Qxc2 $4 (23... Qh2 $13) 24. Rc1 $2 (24. Qf6 $18) 24... Qe4+ $8 $11 25. Qxe4 Bxe4 26. Rc7 Bg6 $8 27. Bf4 {trapping the g1.} Kf8 28. Bxf7 Bxf7 29. Kf1 Rd8 30. Be5 Bh2 31. Bxh2 Rxd4 $11 32. Rc6 a5 33. Ra6 b3 34. Rxa5 Be8 35. Ra6 Kf7 36. Ra7+ Kf6 37. Ra5 {1/2 Lu,S (2616)-Amar,E (2482) Wch Rapid op Doha 2025 (3)}) 10... Bb7 $4 {Move-orders matter.} (10... Qc7 {defends c6 and f7.} 11. d4 Bd6 12. O-O a5 13. a4 b4 14. Re1 O-O 15. Bg5 {[#]Critical Position ...d5 or ...c5?} c5 $4 {Almost anything -- ...e5, ...a6, ...d7 -- is better than this loser.} 16. dxc5 $2 ({I'm sure after the game both players -- two of the most tactically-alert ever -- were kicking themselves after missing this:} 16. Bxf6 $18 gxf6 17. Qh5 $8 {there's no good defence to the threat e3-g3.} fxe5 (17... Rd8 18. Ng4 $18) (17... Bxe5 18. dxe5 c4 19. Re3 $18) (17... Be7 18. Re3 $18) 18. Qg5+ $8 Kh8 19. Qf6+ Kg8 20. Re4 $18) 16... Qxc5 $14 {1/2 Nakamura,H (2810)-Firouzja,A (2759) London SpeedChess Final blitz 2026 (1.8)}) 11. a4 $2 (11. Nxf7 $142 $18 Kxf7 12. Qxe6+ Kg6 13. Qf7+ Kf5 (13... Kh6 14. Qxb7 $19) 14. Be6+ $1 (14. Qxb7 $18) 14... Ke5 15. d4+ $1 {1-0 Gutman,G (2445)-Mnatsakanyan,A (2148) 1st Thursday Jan 22nd Chess.com INT blitz 2026 (2)}) 11... a6 {[#]} (11... Nd5 $142 $16) 12. Nxf7 $1 $18 {No second chance for you!} Kxf7 13. Qxe6+ Kg6 14. Qf7+ Kf5 15. Qe6+ Kg6 16. Qf7+ Kf5 {[#]} 17. Qxb7 $18 {Maybe a tiny second chance...?} ({The game line is winning of course, but SF18 rates} 17. Be6+ $1 {as more than +3 better! The point is that after} Ke5 18. O-O {White keeps an attack that will cost Black more than a piece; e.g. after} Qe7 19. d4+ $8 $18) 17... Qe8+ $1 (17... Qe7+ {saves the , but it's a 2-pawn-down endgame. It's the top choice of SF18, but the game line is the only sane choice for a human: White not only can go wrong here, but has to find some only moves in the game line.}) 18. Kf1 Bc5 {[#] Threat ...a7.} 19. Qc7 $1 (19. Qf7 $2 {saves the , but} Qxf7 20. Bxf7 Rhf8 21. Bb3 Ng4 {with full comp.}) (19. Qxg7 $1 {looks like asking for trouble, but the  covers g8, and} Rf8 20. d4 $1 {hits the  and threatens g5#.}) 19... Ra7 20. Qg3 Re7 {[#]How do you defend the back rank?} 21. Qf3+ (21. f3 $4 {guards e1, but} Nh5 $8 $19 {removes the guard:} 22. Qg4+ Kf6 23. g3 Re1+ 24. Kg2 Qe2+ 25. Kh3 Rxh1 $19 {White doesn't have a safe check.}) 21... Kg6 22. Qg3+ Kf5 23. Qf3+ Kg6 {FWIW, if Black could telport the  to b6 he'd be winning. [#] Critical Position} 24. g4 $8 $18 {Makes an escape square for the , and enables f5+.} (24. Qd1 $4 Bxf2 $8 $19 25. Kxf2 Ne4+ 26. Kg1 Ng5 $1 $19 (26... Nf2 $5 $19)) (24. g3 $2 Bxf2 $8 $13 {Tanking the  loses!} 25. Kxf2 $4 (25. Qxf2 Ng4 $19) 25... Rf8 {If f5+ was safe it would win.} 26. Qd3+ Kh6 (26... Ne4+ $1 {simpler.}) 27. Rf1 Ng4+ 28. Kg1 Re1 $1 $19 (28... Qh5 $19)) 24... Re5 25. d4 $1 Bxd4 26. Bf4 $1 Rf8 27. Bxe5 Qxe5 28. Qf5+ $1 {Enough second chances for you!} 1-0